skbl

Dr Suryya Kumar Bhuyan Library Web-OPAC
ডঃ সূৰ্য্য
কুমাৰ ভূঞা পুথিভঁৰাল ৱেব-অ'পেক

All Research Scholars are advised to clear the annual library fees to continue using Library Resources, Remote Access, Plagiarism Test and Library Clearance.

Cotton University Book Fair 2026

Rajanikanta Bardalair Upanyas / (Record no. 7748)

MARC details
000 -LEADER
fixed length control field 00833nam a2200301Ia 4500
001 - CONTROL NUMBER
control field 7761
005 - DATE AND TIME OF LATEST TRANSACTION
control field 20240113234032.0
007 - PHYSICAL DESCRIPTION FIXED FIELD--GENERAL INFORMATION
fixed length control field ta
008 - FIXED-LENGTH DATA ELEMENTS--GENERAL INFORMATION
fixed length control field 050712s1994 a g b000 u asm u
020 ## - INTERNATIONAL STANDARD BOOK NUMBER
International Standard Book Number 81-7331-079-3
040 ## - CATALOGING SOURCE
Original cataloging agency Cotton College Assam
041 ## - LANGUAGE CODE
Language code of text/sound track or separate title asm
082 ## - DEWEY DECIMAL CLASSIFICATION NUMBER
Classification number 891.41209
Item number Ha 336 Ra
100 ## - MAIN ENTRY--PERSONAL NAME
Personal name Hazarika, Parikshit .
245 #0 - TITLE STATEMENT
Title Rajanikanta Bardalair Upanyas /
Statement of responsibility, etc. Parikshit Hazarika.
Medium Textual Documents
250 ## - EDITION STATEMENT
Edition statement 1st ed. /
260 ## - PUBLICATION, DISTRIBUTION, ETC.
Place of publication, distribution, etc. Guwahati :
Name of publisher, distributor, etc. Lawyer`s Book Stall ,
Date of publication, distribution, etc. 1994.
300 ## - PHYSICAL DESCRIPTION
Extent 142p. :
Other physical details ill ;
Dimensions 22cm .
653 ## - INDEX TERM--UNCONTROLLED
Uncontrolled term Assamese Fiction-Criticism
653 ## - INDEX TERM--UNCONTROLLED
Uncontrolled term Assamese Literature-Criticism
653 ## - INDEX TERM--UNCONTROLLED
Uncontrolled term Assamese Novel-Criticism
653 ## - INDEX TERM--UNCONTROLLED
Uncontrolled term PG-Assamese
653 ## - INDEX TERM--UNCONTROLLED
Uncontrolled term G-Assamese
942 ## - ADDED ENTRY ELEMENTS (KOHA)
Source of classification or shelving scheme Dewey Decimal Classification
Koha item type Books
Holdings
Withdrawn status Lost status Damaged status Not for loan Collection Home library Current library Date acquired Coded location qualifier Total checkouts Full call number Barcode Date last seen Copy number Price effective from Koha item type Date last checked out
          Dr. Suryya Kumar Bhuyan Library Dr. Suryya Kumar Bhuyan Library 01/02/2012 00000   891.41209 Ha 336 Ra 1870/As 13/01/2024 2 01/02/2012 Books  
          Dr. Suryya Kumar Bhuyan Library Dr. Suryya Kumar Bhuyan Library 01/02/2012 00000 1 891.41209 Ha 336 Ra 1869/As 12/06/2025 1 01/02/2012 Books 07/04/2025

Designed and Maintained by Team SKBL
©1901-2026

Powered by Koha